000 00628nam a22001697a 4500
003 OSt
005 20260127131023.0
008 260127b |||||||| |||| 00| 0 eng d
040 _aSEKU
050 _aQH 43.5
_b.M88
100 _a Munyao, Kioko Boniface
245 _aAnalysis of natural radioactivity concentration in soil sample from Mutha ward kitui County Kenya / a thesis submitted in partial fulfilment of the requirement for the degree Master of Science i Physics of south eastern Kenya University
260 _aSEKU:
_bSEKU,
_c2025
300 _a71p.:
650 _2Natural
_aRadioactivity
_xSoil
942 _2lcc
_cTHE
999 _c18748
_d18748